Statistics for how well do you know all of the characters in harry potter?

Click here to take the quiz!

General Stats

  • This quiz has been taken 101 times
  • The average score is 5 of 51

Answer Stats

Answer% Correct
Harry Potter
99%
Ron Weasley
90%
Hermione Granger
89%
Ginny Weasley
42%
Neville Longbottom
39%
Draco Malfoy
24%
Luna Lovegood
24%
Sirius Black
17%
Dean Thomas
14%
Rubeus Hagrid
14%
Seamus Finnigan
14%
Remus Lupin
11%
Lord Voldemort
8%
Dudley Dursley
7%
Hedwig
7%
Cedric Diggory
6%
James Potter
6%
Percy Weasley
5%
Vernon Dursley
5%
Lee Jordan
4%
Oliver Wood
4%
Bellatrix Lestrange
2%
Lavender Brown
2%
Parvati Patil
2%
Alastor Moody
1%
Dobby the House Elf
1%
Fleur Delacour
1%
Peeves
1%
Peter Pettigrew
1%
Professor Albus Dumbledore
1%
Professor Minerva McGonagall
1%
Professor Severus Snape
1%
Vincent Crabbe
1%
Albus Severus Potter
0%
Argus Filch
0%
Dolores Umbridge
0%
Fenrir Greyback
0%
Fred and George Weasley
0%
Garrick Ollivander
0%
Gellert Grindelwald
0%
Gilderoy Lockhart
0%
Lily Evans Potter
0%
Moaning Myrtle
0%
Nymphadora Lupin
0%
Professor Horace Slughorn
0%
Quirinus Quirrell
0%
Regulus Black
0%
Sorting Hat
0%
Ted Lupin
0%
Viktor Krum
0%
William Weasley
0%

Score Distribution

Percentile by Number Answered

Percent of People with Each Score

Your Score History

You have not taken this quiz